Nákladový controlling a jeho využitie v systéme manažérstva kvality

Riadenie nákladov v podnikoch. Zavedenie nákladového controllingu ako nástroja pre efektívne rozhodovanie, plánovanie a riadenie nákladov. Podstata a podnikové ciele nákladového controllingu v systéme manažérstva kvality.

Gespeichert in:
Bibliographische Detailangaben
1. Verfasser: Teplická, Katarína
Format: Buchkapitel
Sprache:Slowakisch
Schlagworte:
Tags: Tag hinzufügen
Keine Tags, Fügen Sie das erste Tag hinzu!

MARC

LEADER 00000nla$a2200000$$$4500
001 0142171
005 20221019095221.1
041 0 |a slo 
044 |a SK 
245 1 0 |a Nákladový controlling a jeho využitie v systéme manažérstva kvality  |c Katarína Teplická 
520 |a Riadenie nákladov v podnikoch. Zavedenie nákladového controllingu ako nástroja pre efektívne rozhodovanie, plánovanie a riadenie nákladov. Podstata a podnikové ciele nákladového controllingu v systéme manažérstva kvality. 
610 2 0 |a podnik 
610 2 0 |a nástroje riadenia 
610 2 0 |a náklady a ceny 
610 2 0 |a kalkulácia nákladov 
610 2 0 |a systém riadenia nákladov 
610 2 0 |a kontroling 
610 2 0 |a kontroling nákladový 
610 2 0 |a rozhodovanie finančné 
610 2 0 |a metódy kalkulačné 
610 2 0 |a analýza nákladov 
610 2 0 |a modely 
100 1 |a Teplická, Katarína